| 000 | 00990nam a22002657a 4500 | ||
|---|---|---|---|
| 005 | 20240530110554.0 | ||
| 008 | 160730s2014 ua ||||g |||| 00| 0dara d | ||
| 017 |
_a2012/22638 _bمصر. دار الكتب الوطنية |
||
| 020 | _a9789773832661 | ||
| 040 | _aEG-CaGPL | ||
| 082 | 0 | 4 |
_a323.1/ _bد ع _221 |
| 100 | 0 | _aدهام محمد العزاوي | |
| 245 | 1 | 2 |
_aالعولمة و التدخل الانساني لحماية الاقليات / _cتأليف دهام محمد العزاوي. |
| 250 | _aط. 1. | ||
| 260 |
_aالقاهرة : _bايتراك للطباعة والنشر والتوزيع، _c2014. |
||
| 300 |
_a284 ص. ؛ _c24 سم. |
||
| 650 | 0 | 4 |
_aالاقليات _xحقوق مدنية |
| 650 | 0 | 4 |
_aالاقليات _xالاسلام |
| 650 | 0 | 4 |
_aالاكراد _zالعراق |
| 650 | 0 | 4 |
_aالاكراد _zامريكا |
| 650 | 0 | 4 | _aالعولمة |
| 650 | 4 | _aحقوق الانسان | |
| 942 |
_2ddc _cBK |
||
| 999 |
_c62515 _d62515 |
||